Listy láskam

Bibliographic Details
Main Author: Montgomery, Lucy Maud, 1874-1942 (Author)
Other Authors: Jaurová, Miroslava (Translator)
Format: Book
Language:Slovak
Published: Bratislava Mladé letá 2000
Series:Čajka
Subjects:

MARC

LEADER 00000nam a2200000 a 4500
001 vtls001413759
003 SK-MaSNL
005 20260302035127.0
008 240226s2000 xo ra slo
015 |a SNBA2001/08-02757 
020 |a 80060010889 
035 |a SNK000368485 
035 |a urn:nbn:sk:snk-amkmum 
035 |a urn:nbn:sk:snk-am003c8y 
035 |a 712308E1-D31E-416A-B201-F364EC07CDDE 
040 |a SNK  |b slo  |a SNK  |e AACR2  |c SNK 
041 0 |a slo 
044 |a xo  |c SK 
080 |a 820 (71)-3  |2 1981 
100 1 |a Montgomery, Lucy Maud,  |d 1874-1942  |4 aut  |9 88335 
240 1 0 |a Across the miles  |l Slovensky 
245 1 0 |a Listy láskam  |c Lucy Maud Montgomeryová ; [preklad Miroslava Jaurová] 
260 |a Bratislava  |b Mladé letá  |c 2000 
300 |a 199 s.  |c 21 cm 
490 1 |a Čajka 
655 7 |a dievčenské romány  |2 SNK  |9 1548 
655 7 |a kanadské romány  |2 SNK  |9 70714 
655 7 |a publikácie pre deti a mládež  |2 SNK  |9 70541 
700 1 |a Jaurová, Miroslava  |4 trl  |9 213237 
830 0 |a Čajka  |9 276547 
919 |a 80-06-001088-9 
954 |a beletria cudzojazyčná (svetová)  |2 lita 
958 |a OND 
968 |b ENG 
999 |c 1069374  |d 1071304 
952 |t P60, <03>, [BOOK], {603}  |a SNK  |b SNK  |y PREZ  |7 0  |p 17A0302297  |o snkSC 104970  |i snkKSP 6692/2001  |0 0  |1 0  |4 0  |d 2001-05-29  |f 1  |l 0  |r 2025-09-25 00:00:00  |w 2026-02-24 
952 |t P60, <04>, [BOOK], {604}  |a SNK  |b SNK  |y VYP  |7 0  |p 17A0302296  |o snkSC 104970 D1  |i snkKSP 6693/2001  |0 0  |1 0  |4 0  |d 2001-05-29  |l 0  |r 2005-01-02 00:00:00  |w 2026-02-24